Best 10 cyclist of 2025 - Statistiques

Statistiques générales
  • Ce quiz a été pris 12 fois
  • Le résultat moyen est 5 sur 10
Statistiques - réponses
Hint Réponse % Correct
1 Pogacar
100%
8 Van der Poel
90%
6 Evenepoel
80%
2 Del Toro
60%
4 Almeida
50%
5 Pedersen
40%
7 Pidcock
30%
10 De Lie
20%
9 Onley
20%
3 Vingergaard
10%
Aucun quiz correspondant
Distribution des résultats
% des personnes avec chaque résultat
Percentile par nombre de réponses
Votre historique - résultats
Vous n’avez pas pris ce quiz